00689nam a2200241 a 4500001001300000003000900013005001700022008004100039020001200080082001800092100002000110245003000130260003200160300000800192500003500200505002000235650002300255700002000278902000800298942000700306952011900313999001500432nice12345678IN_TiNIC20260116013139.0050524s1980 lona grp 000 0 eng  ac467.500a297.1228bSHA aShah, Ikbal Ali aSelections from the Koran aLondonbOctagon Pressc1980 a93p aincludes index and biblioraphy2 aGlossary, Index aQuran-Appreciation1 aShah, Ikbal Ali bSRS cBK 001040708StackRoom-aHMIbHMId2007-08-07g467.50l0o297.1228 SHAp017372r2007-08-07v467.50w2005-05-24yBK c9859d9859